| 000 | 00779nam a2200301 a 4500 | ||
|---|---|---|---|
| 003 | OSt | ||
| 005 | 20141103151544.0 | ||
| 008 | 021205s19uu xx 00 eng d | ||
| 020 | _a0323014305 | ||
| 020 | _a9780323039437 | ||
| 020 | _a9812597755 | ||
| 022 | _29789812597755 | ||
| 050 |
_aR 121 _b.M892 2002 |
||
| 245 |
_aMosby's pocket dictionary : _bof medicine, nursing and allied health dictionary./ |
||
| 250 | _a4th ed. | ||
| 260 |
_aSt. Louis, Mo. : _bMosby Elsevier, _c2002. |
||
| 300 |
_a1489 p. : _bill. ; _c19 cm. |
||
| 650 |
_aMedicine _xdictionaries. |
||
| 650 |
_aNursing _xdictionaries. |
||
| 942 |
_cBK _2lcc |
||
| 999 |
_c19867 _d19867 |
||